1784 1554 1170 1684 1415 1049 1156 1363 1862 1305 1713 1286 1873 1625 1720 1635 1579 1722 1047 1668 1271 1636 1591 1079 1763 1169 1196 1055 1627 1481 1433 1851 1305 1760 1978 1816 1145 1677 1450 1189 1139 1688 1813 1404 1423 1787 1001 1868 1209 1660 1054 1435 1926 1937 1868 1589 1483 1342 1020 1736 1632 1300 1159 1941 1794 1554 1075 1048 1101 1377 1110 1976 1243 1891 1063 1708 1148 1329 1174 1675 1871 1817 1217 1948 1851 1287 1291 1555 1579 1798 1071 1339 1512 1526 1939 1654 1429 1756 1335 BCNSPRNW ULIB Ver.6.0+V

เปลี่ยนเป็นภาษาไทย

Change to English
 แสดงรายละเอียดบรรณานุกรม
  กลับหน้าหลัก

Brief Record : Get Marc (ISO 2709) : E-mail record : QR code < ปิดหน้าต่าง
LEADER : 00000nam 2200000uu 4500
001    13399122463
003     ULIB
008    120402s2554||||th 000 0 tha d
020    ^a9786169077114
090    ^aนว.^bก791ท
100 0  ^aแก้วชวาลา
245 00 ^aเทพบุตรซาตาน/^cแก้วชวาลา
250    ^aพิมพ์ครั้งที่ 1
260    ^aกรุงเทพฯ :^bแก้วชวาลา,^c2554
300    ^a392 หน้า
945    ^p279^l0^i19952
995    ^aทศพร
999    ^aใช้งานได้ทุกระบบ
รายการนี้ยังไม่มีแท็ก
คุณยังไม่ได้ล็อกอิน คุณสามารถมีกิจกรรมร่วมกับเว็บไซต์ได้ แต่ต้องล็อกอินก่อน ::
  ล็อกอิน

รายการสื่อสารสนเทศ

ลำดับที่ ประเภท เลขเรียก/บาร์โค้ด สถานที่ สถานะ
1. นวนิยาย
นวนิยาย
นว. ก791ท ฉ.1 
  Barcode: 19952
ห้องสมุดวิทยาเขตสวรรค์ประชารักษ์
►นวนิยาย
บนชั้น
  ขอยืม

รายการใกล้เคียง
    ผู้แต่ง [แก้วชวาลา]

BibComment


ยังไม่เคยถูกคอมเมนท์

คอมเมนท์ทรัพยากรรายการนี้
  คอมเมนท์: เทพบุตรซาตาน แก้..


 Copyright 2026. Bcnsprnw @Library